Community forestry lessons from case studies in Asia and the Pacific region

Đã lưu trong:
Sonraí Bibleagrafaíochta
Príomhúdar: FAO
Formáid: Leabhar
Teanga:Undetermined
Foilsithe: Rome FAO
Ábhair:
Clibeanna: Cuir Clib Leis
Gan Chlibeanna, Bí ar an gcéad duine leis an taifead seo a chlibeáil!
Thư viện lưu trữ: Trung tâm Học liệu Trường Đại học Cần Thơ
LEADER 00488nam a2200169Ia 4500
001 CTU_29227
008 210402s9999 xx 000 0 und d
082 |a 634.9 
082 |b C734 
100 |a FAO 
245 0 |a Community forestry lessons from case studies in Asia and the Pacific region 
245 0 |c FAO 
260 |a Rome 
260 |b FAO 
650 |a forests and forestry 
904 |i Nguyễn Quang Điền, 990315 
980 |a Trung tâm Học liệu Trường Đại học Cần Thơ